| 000 | 00915nmc a2200337 a 4500 | ||
|---|---|---|---|
| 003 | AR-BaBNM | ||
| 005 | 20251128205249.0 | ||
| 008 | 047019s1996 ||||||||||||||000 | spa|| | ||
| 020 | _a950-12-8704-1 | ||
| 040 | _cAR-BaBNM | ||
| 100 | 1 | _aSuares, Marinés | |
| 245 | 1 | 0 |
_aMediación _bconducción de disputas, comunicación y técnicas |
| 250 | _a1ª ed. | ||
| 260 |
_aBuenos Aires _bPaidós _c1996 |
||
| 300 | 0 |
_a309 p. _bil. |
|
| 490 | 0 |
_aPaidós mediación _vv. 4 |
|
| 504 | _aBibliografía p. 305-309 | ||
| 650 | 4 | _aDERECHO PROCESAL | |
| 650 | 4 | _aPROCEDIMIENTO JUDICIAL | |
| 650 | 4 | _aSISTEMAS JURIDICOS | |
| 650 | 4 | _aJUICIOS | |
| 650 | 4 | _aMEDIACION | |
| 650 | 4 | _aARBITRAJE | |
| 650 | 4 | _aCONCILIACION | |
| 650 | 4 | _aNEGOCIACION | |
| 650 | 4 | _aSOLUCION DE CONFLICTOS | |
| 700 | 1 |
_aCobb, Sara _eprologuista |
|
| 700 | 1 |
_aSchvarstein, Leonardo _eprologuista |
|
| 942 | _cBK | ||
| 998 | _cCarmen | ||
| 999 |
_c10646 _d10646 |
||